<?xml version="1.0" encoding="UTF-8"?><?xml-stylesheet type="text/xsl" href="static/style.xsl"?><OAI-PMH xmlns="http://www.openarchives.org/OAI/2.0/" xmlns:xsi="http://www.w3.org/2001/XMLSchema-instance" xsi:schemaLocation="http://www.openarchives.org/OAI/2.0/ http://www.openarchives.org/OAI/2.0/OAI-PMH.xsd"><responseDate>2026-04-14T19:31:41Z</responseDate><request verb="GetRecord" identifier="oai:uvadoc.uva.es:10324/7100" metadataPrefix="marc">https://uvadoc.uva.es/oai/request</request><GetRecord><record><header><identifier>oai:uvadoc.uva.es:10324/7100</identifier><datestamp>2021-06-29T10:15:44Z</datestamp><setSpec>com_10324_38</setSpec><setSpec>col_10324_852</setSpec></header><metadata><record xmlns="http://www.loc.gov/MARC21/slim" xmlns:doc="http://www.lyncode.com/xoai" xmlns:xsi="http://www.w3.org/2001/XMLSchema-instance" xmlns:dcterms="http://purl.org/dc/terms/" xsi:schemaLocation="http://www.loc.gov/MARC21/slim http://www.loc.gov/standards/marcxml/schema/MARC21slim.xsd">
<leader>00925njm 22002777a 4500</leader>
<datafield tag="042" ind1=" " ind2=" ">
<subfield code="a">dc</subfield>
</datafield>
<datafield tag="720" ind1=" " ind2=" ">
<subfield code="a">Gutiérrez Gutiérrez, Óscar</subfield>
<subfield code="e">author</subfield>
</datafield>
<datafield tag="260" ind1=" " ind2=" ">
<subfield code="c">2013</subfield>
</datafield>
<datafield tag="520" ind1=" " ind2=" ">
<subfield code="a">Como primera etapa del proyecto se realiza un estudio teórico de la&#xd;
electrónica de potencia en los sistemas eólicos de generación eléctrica para&#xd;
conexión a red, detallando los elementos que componen el sistema de generación,&#xd;
su principio de funcionamiento, las variantes de generadores existentes y las&#xd;
distintas tipologías de convertidores de potencia empleados. Como segunda etapa&#xd;
se presenta el desarrollo de un nuevo sistema de control de convertidores tipo&#xd;
Back-to-Back para aplicación de generación eléctrica con turbinas eólicas,&#xd;
controlando la velocidad de giro y flujo generado en el aerogenerador, y su&#xd;
acoplamiento para la inyección a la red eléctrica, controlando la tensión continua&#xd;
de acoplamiento y las potencias inyectadas. Empleando en el desarrollo de este&#xd;
sistema de control la técnica de control en fuente de corriente utilizando el modo&#xd;
de deslizamiento (Sliding) y la técnica de control vectorial de campo orientado, y&#xd;
utilizando el Procesador Digital de Señal (DSP) F2812, convertidores trifásicos&#xd;
controlados, el software Simulink de Matlab para la simulación del sistema y para&#xd;
la programación de código embebido y el software Code Composer Studio para la&#xd;
generación del código en ensamblador y su grabación en el DSP.</subfield>
</datafield>
<datafield tag="024" ind2=" " ind1="8">
<subfield code="a">http://uvadoc.uva.es/handle/10324/7100</subfield>
</datafield>
<datafield ind1=" " ind2=" " tag="653">
<subfield code="a">Convertidores-Trabajos fin de grado</subfield>
</datafield>
<datafield tag="245" ind1="0" ind2="0">
<subfield code="a">Control de convertidores back-to-back para aplicación de generación eléctrica</subfield>
</datafield>
</record></metadata></record></GetRecord></OAI-PMH>